000 01330nam a2200361 c 4500
003 BLK
005 20230816154534.0
008 180408b bul|||||r ||||||| ||bul||
010 _aKNG00042963000
020 _a0-13-228453-7
_bиздат.: Prentice Hall
040 _aBLK
041 _aENG
_cENG
080 _aАнглийски език
_b811.111
_x-5(075.4)
_z811.111-5(075.4)
100 1 _aBrieger, Nick
_eпърви автор
_96122
700 1 _aSweeney, Simon
_eсъавт.
_9276752
139 _aBrieger, Nick et al.
_bB 86
245 1 0 _aThe Language of Business English
_bGrammar [and] functions
_cNick Brieger; съавт. Simon Sweeney.
257 _aUSA
260 New York
_bPrentice Hall
_c1994
300 _a250 c.
_c28 cm
380 _a80
490 1 _aReference Practice
650 4 _aАнглийски език - граматика - учебни помагала
_9242588
650 4 _aАнглийски език - икономически английски - учебни помагала
_9255313
653 _aанглийски език
653 _aбизнес английски език
852 _aЦб ІІ 8278
856 4 _qpdf
_u
856 4 _qpdf
_u
942 _cKNG
_n0
_02
944 _aCR
_c15.01.2003
_k30556
_lТеодора Пейчева-Дянкова
944 _aED
_c21.06.2007
_k
999 _c39607
_d39607